Wszyscy polacy grający kiedykolwiek w Premier League - Statystyki

Ogólne statystyki
  • Ten quiz został rozwiązany 331 razy
    191 od ostatniego zresetowania
  • Średni wynik to 14 z 23
Statystyki odpowiedzi
Klub/Kluby Piłkarz % Poprawnych
Arsenal/Swansea City/West Ham United Łukasz Fabiański
92%
Aston Villa Matty Cash
92%
Arsenal Wojciech Szczęsny
92%
FC Southampton Jan Bednarek
91%
Liverpool Jerzy Dudek
90%
Brighton % Hove Albion Jakub Moder
84%
Arsenal Jakub Kiwior
83%
Hull City/West Bromwich Albion Kamil Grosicki
80%
West Bromwich Albion/Manchester United Tomasz Kuszczak
76%
FC Southampton/AFC Bournemouth Artur Boruc
73%
Leeds United Mateusz Klich
73%
Leicester City Marcin Wasilewski
70%
Tottenham/Bolton Grzegorz Rasiak
61%
Manchester City Kazimierz Deyna
58%
Norwich City Przemysław Płacheta
57%
West Bromwich Albion Grzegorz Krychowiak
53%
Bolton Euzebiusz Smolarek
33%
FC Portsmouth Emmanuel Olisadebe
27%
Everton Robert Warzycha
27%
Bolton Jarosław Fojut
17%
Birmingham City Piotr Świerczewski
15%
Aston Villa Dariusz Kubicki
9%
Coventry City Zbigniew Krszyński
0%
Nie znaleziono quizów pasujących do podanych kryteriów
Rozkład punktacji
Procent ludzi z każdym wynikiem
Percentyl według liczby udzielonych odpowiedzi
Twoja historia wyników
Nie rozwiązałeś tego quizu od ostatniego zresetowania